[Event "Quebec Montcalm op 1st"]
[Site "Quebec"]
[Date "2008.09.18"]
[Round "3"]
[White "Dion, Jean Francois"]
[Black "Drolet, Stephane"]
[Result "1-0"]
[WhiteElo "1939"]
[BlackElo "2144"]
[PlyCount "91"]
[EventDate "2008.09.04"]
[EventType "swiss"]
[EventRounds "5"]
[EventCountry "CAN"]
[SourceTitle "EXT 2011"]
[Source "ChessBase"]
[SourceDate "2010.11.26"]
[SourceVersion "1"]
[SourceVersionDate "2010.11.26"]
[SourceQuality "1"]

1. f4 g6 2. Nf3 Bg7 3. e3 d5 4. d4 c5 5. c4 cxd4 6. exd4 Nf6 7. Nc3 0-0 8. Ne5 b6 9. Be2 Bb7 10. Bf3 Na6 11. 0-0 Nc7 12. b4 a5 13. b5 Nd7 14. Ba3 Rb8 15. cxd5 Nxe5 16. dxe5 g5 17. d6 exd6 18. Bxd6 Re8 19. Be4 Nxb5 20. Bxh7+ Kxh7 21. Qh5+ Kg8 22. Nxb5 Rc8 23. Rac1 Re6 24. Rfd1 Rxc1 25. Rxc1 gxf4 26. Rc7 Qxc7 27. Nxc7 Rg6 28. Kf1 Bxg2+ 29. Kf2 Be4 30. Qh3 f3 31. Qc8+ Kh7 32. Ke3 Bc6 33. Ne8 Bh6+ 34. Kd4 f2 35. Qf5 Bxe8 36. Qxf2 Bg7 37. Kd5 Rg4 38. Qf5+ Rg6 39. h4 Kh6 40. Be7 f6 41. exf6 Bf7+ 42. Ke4 Bh8 43. Bf8+ Kh7 44. h5 Bxf6 45. Kf4 Bg5+ 46. Kf3 1-0

[Event "Quebec Montcalm op 1 2006-07"]
[Site "Quebec"]
[Date "2006.09.14"]
[Round "2"]
[White "Dion, Jean Francois"]
[Black "Lessard, Claude"]
[Result "1/2-1/2"]
[WhiteElo "1880"]
[BlackElo "1951"]
[PlyCount "46"]
[EventDate "2006.09.07"]
[EventType "swiss"]
[EventRounds "5"]
[EventCountry "CAN"]
[SourceTitle "EXT 2022"]
[Source "ChessBase"]
[SourceDate "2021.10.06"]
[SourceVersion "1"]
[SourceVersionDate "2021.10.06"]
[SourceQuality "1"]

1. f4 e5 2. fxe5 d6 3. exd6 Bxd6 4. Nf3 Bg4 5. g3 c6 6. d4 Qc7 7. Bg2 Nf6 8. Qd3 Nbd7 9. Bg5 0-0-0 10. Nbd2 Rhe8 11. 0-0-0 h6 12. Bxf6 Nxf6 13. e4 Bc5 14. Rde1 Be6 15. Nb3 Bxb3 16. axb3 Qb6 17. e5 Nd5 18. dxc5 Qa5 19. Qf5+ Kb8 20. c3 Nxc3 21. bxc3 Qa3+ 22. Kc2 Qa2+ 23. Kc1 Qa3+ 1/2-1/2

[Event "Quebec Montcalm op 7th"]
[Site "Quebec"]
[Date "2006.05.10"]
[Round "3"]
[White "Dion, Jean Francois"]
[Black "Hebert, Marc"]
[Result "1-0"]
[WhiteElo "1880"]
[BlackElo "1678"]
[PlyCount "57"]
[EventDate "2006.05.??"]
[EventType "swiss"]
[EventRounds "5"]
[EventCountry "CAN"]
[SourceTitle "EXT 2007"]
[Source "ChessBase"]
[SourceDate "2006.11.23"]
[SourceVersion "1"]
[SourceVersionDate "2006.11.23"]
[SourceQuality "1"]

1. f4 d5 2. Nf3 Nf6 3. e3 Bg4 4. h3 Bxf3 5. Qxf3 Nbd7 6. Nc3 c6 7. d4 e6 8. Bd3 Bb4 9. 0-0 c5 10. a3 Ba5 11. Nb5 0-0 12. c4 a6 13. Nc3 dxc4 14. Bxc4 b5 15. Bd3 Rc8 16. Ne4 Nxe4 17. Bxe4 Nf6 18. Bb7 Rb8 19. dxc5 Qc7 20. c6 Bb6 21. Bxa6 Nd5 22. Bb7 Rbd8 23. Kh1 e5 24. e4 Nf6 25. fxe5 Qxe5 26. Bf4 Qxe4 27. Qxe4 Nxe4 28. c7 Bxc7 29. Bxc7 1-0

[Event "Quebec Montcalm op 6th"]
[Site "Quebec"]
[Date "2006.04.13"]
[Round "4"]
[White "Dion, Jean Francois"]
[Black "Cummins, Paul"]
[Result "1-0"]
[WhiteElo "1909"]
[BlackElo "1782"]
[PlyCount "69"]
[EventDate "2006.03.23"]
[EventType "swiss"]
[EventRounds "5"]
[EventCountry "CAN"]
[SourceTitle "EXT 2007"]
[Source "ChessBase"]
[SourceDate "2006.11.23"]
[SourceVersion "1"]
[SourceVersionDate "2006.11.23"]
[SourceQuality "1"]

1. d4 d5 2. Nf3 Nf6 3. Bf4 e6 4. e3 c5 5. c3 Qb6 6. Qb3 Nc6 7. Qxb6 axb6 8. Na3 Be7 9. Bc7 Nd7 10. Nb5 0-0 11. Bd3 c4 12. Bc2 Ncb8 13. 0-0 Na6 14. Bf4 Nf6 15. h3 Bd7 16. a4 Nb8 17. Nc7 Ra5 18. Ne5 Bc6 19. e4 Nbd7 20. Nxd7 Nxd7 21. exd5 exd5 22. Rfe1 Bf6 23. b4 cxb3 24. Bxb3 Nc5 25. dxc5 Bxc3 26. cxb6 Bxa1 27. Rxa1 Rd8 28. Bd2 Rc5 29. Bb4 Rc4 30. Bxc4 dxc4 31. Rc1 Bxa4 32. Rxc4 h6 33. Bc5 Bb3 34. Rd4 Rc8 35. Kf1 1-0

[Event "Quebec Montcalm op 4th"]
[Site "Quebec"]
[Date "2005.01.20"]
[Round "2"]
[White "Marquis, Paul"]
[Black "Dion, Jean Francois"]
[Result "1-0"]
[WhiteElo "1878"]
[BlackElo "1929"]
[PlyCount "102"]
[EventDate "2005.01.13"]
[EventType "swiss"]
[EventRounds "5"]
[EventCountry "CAN"]
[SourceTitle "EXT 2006"]
[Source "ChessBase"]
[SourceDate "2005.11.24"]
[SourceVersion "1"]
[SourceVersionDate "2005.11.24"]
[SourceQuality "1"]

1. e4 d6 2. d4 Nf6 3. Nc3 g6 4. Be3 Bg7 5. Qd2 0-0 6. h3 c6 7. g4 e5 8. 0-0-0 Qc7 9. dxe5 dxe5 10. Bc5 Re8 11. Bd6 Qd7 12. Nf3 b5 13. Nxe5 Qe6 14. f4 Bf8 15. Bxf8 Rxf8 16. g5 Nfd7 17. Ng4 f6 18. Qd4 a6 19. Be2 Bb7 20. Nh6+ Kg7 21. Bg4 c5 22. Bxe6 cxd4 23. Rxd4 Nc5 24. Bd5 Nc6 25. Bxc6 Bxc6 26. b4 Nxe4 27. Nxe4 f5 28. Nf6 Rxf6 29. gxf6+ Kxh6 30. Re1 Be4 31. c4 Rf8 32. c5 Rxf6 33. Rd6 Rf7 34. Rxa6 Kh5 35. Rb6 g5 36. fxg5 Kxg5 37. Rxb5 Bd3 38. Rb8 f4 39. Kd2 Bc4 40. Kc3 Bxa2 41. c6 f3 42. b5 f2 43. Rf1 Be6 44. Rg8+ Kh4 45. Rg2 Rf3+ 46. Kd4 Rb3 47. Kc5 Bxh3 48. Rgxf2 Bxf1 49. Rxf1 h5 50. c7 Kg3 51. Kc4 Rb2 1-0

[Event "Quebec Montcalm-ch"]
[Site "Quebec"]
[Date "2005.??.??"]
[Round "4"]
[White "Caire, Francois"]
[Black "Dion, Jean Francois"]
[Result "1-0"]
[WhiteElo "2209"]
[BlackElo "1951"]
[PlyCount "50"]
[EventDate "2005.??.??"]
[EventType "tourn"]
[EventRounds "5"]
[EventCountry "CAN"]
[SourceTitle "EXT 2009"]
[Source "ChessBase"]
[SourceDate "2008.11.26"]
[SourceVersion "1"]
[SourceVersionDate "2008.11.26"]
[SourceQuality "1"]

1. e4 d6 2. d4 Nf6 3. Nc3 g6 4. f4 Bg7 5. Nf3 0-0 6. Bd3 c5 7. dxc5 dxc5 8. e5 Nd5 9. Nxd5 Qxd5 10. Qe2 Nc6 11. c3 Kh8 12. Bc4 Qd8 13. Ng5 e6 14. h4 h6 15. Ne4 b6 16. h5 Ne7 17. Bd2 Bb7 18. 0-0-0 Nf5 19. Be1 Qc8 20. g4 Ne7 21. Bh4 Nd5 22. Rdf1 Nxf4 23. Rxf4 g5 24. Bxg5 hxg5 25. Nxg5 Bxh1 1-0

[Event "Quebec Montcalm-ch"]
[Site "Quebec"]
[Date "2005.??.??"]
[Round "2"]
[White "Dion, Jean Francois"]
[Black "Auger, Bertrand"]
[Result "0-1"]
[WhiteElo "1951"]
[BlackElo "1988"]
[PlyCount "90"]
[EventDate "2005.??.??"]
[EventType "tourn"]
[EventRounds "5"]
[EventCountry "CAN"]
[SourceTitle "EXT 2009"]
[Source "ChessBase"]
[SourceDate "2008.11.26"]
[SourceVersion "1"]
[SourceVersionDate "2008.11.26"]
[SourceQuality "1"]

1. d4 e6 2. Bf4 Nf6 3. Nf3 b6 4. e3 Bb7 5. Nbd2 g6 6. Bd3 Bg7 7. h3 0-0 8. 0-0 d6 9. c4 c5 10. Qc2 Nc6 11. a3 cxd4 12. exd4 Nh5 13. Be3 Rc8 14. Rac1 f5 15. Nb3 f4 16. Bd2 Ne7 17. Ng5 Qd7 18. Rfe1 e5 19. dxe5 dxe5 20. c5 Kh8 21. Bc3 Nc6 22. Bc4 Nd4 23. Bxd4 exd4 24. Be6 Qc6 25. f3 Rc7 26. Qd3 bxc5 27. Rxc5 Qb6 28. Rxc7 Qxc7 29. Bg4 Ng3 30. Ne6 Qe7 31. h4 Rd8 32. Qd2 d3 33. Nxf4 Qf6 34. Nxd3 Qb6+ 35. Nbc5 Bd4+ 36. Kh2 Nf1+ 37. Rxf1 Bxc5 38. Qc3+ Bd4 39. Qb4 Qc7+ 40. Kh1 h5 41. Qb5 Qe7 42. Re1 Qxh4+ 43. Bh3 Bxf3 44. Re8+ Kg7 45. Rxd8 Qxh3# 0-1

[Event "Quebec Montcalm op 6th"]
[Site "Quebec"]
[Date "2005.??.??"]
[Round "5"]
[White "Dion, Jean Francois"]
[Black "Sauve, Richard"]
[Result "1-0"]
[WhiteElo "1881"]
[BlackElo "1927"]
[PlyCount "41"]
[EventDate "2005.??.??"]
[EventType "swiss"]
[EventRounds "5"]
[EventCountry "CAN"]
[SourceTitle "EXT 2007"]
[Source "ChessBase"]
[SourceDate "2006.11.23"]
[SourceVersion "1"]
[SourceVersionDate "2006.11.23"]
[SourceQuality "1"]

1. d4 e6 2. Bf4 d5 3. Nf3 Bd6 4. Bxd6 Qxd6 5. a3 Nd7 6. e3 e5 7. c4 exd4 8. Qxd4 Ngf6 9. Nc3 c6 10. Rd1 0-0 11. Be2 Nc5 12. cxd5 Bf5 13. dxc6 Qxc6 14. 0-0 Bc2 15. Ne5 Qc7 16. Qd6 Qa5 17. Nc4 Qd8 18. Qxc5 Bxd1 19. Rxd1 Qe8 20. Qc7 Qe6 21. Qxb7 1-0

[Event "Quebec Montcalm op 5th"]
[Site "Quebec"]
[Date "2005.??.??"]
[Round "4"]
[White "Letourneau, Alex"]
[Black "Dion, Jean Francois"]
[Result "0-1"]
[WhiteElo "1629"]
[BlackElo "1917"]
[PlyCount "48"]
[EventDate "2005.??.??"]
[EventType "swiss"]
[EventRounds "5"]
[EventCountry "CAN"]
[SourceTitle "EXT 2006"]
[Source "ChessBase"]
[SourceDate "2005.11.24"]
[SourceVersion "1"]
[SourceVersionDate "2005.11.24"]
[SourceQuality "1"]

1. d4 Nf6 2. c4 g6 3. Nc3 Bg7 4. e4 d6 5. f3 0-0 6. Be3 e5 7. Nge2 Nc6 8. Qd2 Ne8 9. Nd5 f5 10. Bg5 Nf6 11. dxe5 Nxe5 12. Nec3 Be6 13. f4 Ned7 14. 0-0-0 fxe4 15. Nxe4 Nxe4 16. Bxd8 Nxd2 17. Nxc7 Nxf1 18. Nxe6 Ne3 19. Rd3 Nxc4 20. Nxf8 Bxb2+ 21. Kb1 Kxf8 22. Bc7 Ba3 23. Ka1 Rc8 24. Rxa3 Nxa3 0-1

[Event "Quebec Montcalm-ch"]
[Site "Quebec"]
[Date "2005.??.??"]
[Round "3"]
[White "Moisan, Francois"]
[Black "Dion, Jean Francois"]
[Result "1/2-1/2"]
[WhiteElo "1912"]
[BlackElo "1951"]
[PlyCount "62"]
[EventDate "2005.??.??"]
[EventType "tourn"]
[EventRounds "5"]
[EventCountry "CAN"]
[SourceTitle "EXT 2009"]
[Source "ChessBase"]
[SourceDate "2008.11.26"]
[SourceVersion "1"]
[SourceVersionDate "2008.11.26"]
[SourceQuality "1"]

1. e4 d6 2. d4 Nf6 3. Nc3 g6 4. f4 Bg7 5. Nf3 0-0 6. Be3 c6 7. Bd3 b5 8. e5 dxe5 9. dxe5 Nd5 10. Nxd5 Qxd5 11. Qe2 Qd8 12. 0-0 Nd7 13. c4 a6 14. Rad1 Qc7 15. Ng5 h6 16. Nxf7 Rxf7 17. e6 Rf6 18. exd7 Bxd7 19. Bd4 Re6 20. Qf2 Rf8 21. Bxg7 Kxg7 22. Qd4+ Rff6 23. c5 Be8 24. f5 Re5 25. fxg6 Rh5 26. h3 Rxh3 27. gxh3 Qg3+ 28. Kh1 Qxh3+ 29. Kg1 Qg3+ 30. Kh1 Qh3+ 31. Kg1 Qg3+ 1/2-1/2

[Event "Quebec Montcalm op 2nd"]
[Site "Quebec"]
[Date "2004.10.21"]
[Round "2"]
[White "Dion, Jean Francois"]
[Black "Caron, Sebastien"]
[Result "1/2-1/2"]
[WhiteElo "1921"]
[BlackElo "1819"]
[PlyCount "69"]
[EventDate "2004.10.14"]
[EventType "swiss"]
[EventRounds "5"]
[EventCountry "CAN"]
[SourceTitle "EXT 2006"]
[Source "ChessBase"]
[SourceDate "2005.11.24"]
[SourceVersion "1"]
[SourceVersionDate "2005.11.24"]
[SourceQuality "1"]

1. d4 c5 2. c3 e6 3. Bf4 Nf6 4. e3 Nc6 5. Nd2 cxd4 6. exd4 Be7 7. Nc4 d6 8. Nf3 Nd5 9. Bg3 0-0 10. Bd3 Nb6 11. Qc2 Nxc4 12. Bxc4 Re8 13. 0-0 a6 14. Bd3 g6 15. Rfe1 b5 16. Be4 Bb7 17. Qe2 Rc8 18. Rad1 Na5 19. Bb1 Nc4 20. Bd3 Bxf3 21. gxf3 Nb6 22. Bf4 Nd5 23. Bc1 Bg5 24. Kh1 Nf4 25. Bxf4 Bxf4 26. Qf1 Qh4 27. Qg2 e5 28. Bf5 Rc7 29. Re2 Rce7 30. Rde1 Qxh2+ 31. Qxh2 Bxh2 32. Bxg6 hxg6 33. Kxh2 f6 34. Rxe5 Rxe5 35. Rxe5 1/2-1/2

[Event "Quebec Montcalm op 1st"]
[Site "Quebec"]
[Date "2004.09.30"]
[Round "4"]
[White "Dion, Jean Francois"]
[Black "Berube, Antoine"]
[Result "0-1"]
[WhiteElo "1891"]
[BlackElo "2087"]
[PlyCount "54"]
[EventDate "2004.09.09"]
[EventType "swiss"]
[EventRounds "5"]
[EventCountry "CAN"]
[SourceTitle "EXT 2006"]
[Source "ChessBase"]
[SourceDate "2005.11.24"]
[SourceVersion "1"]
[SourceVersionDate "2005.11.24"]
[SourceQuality "1"]

1. d4 d5 2. Nf3 Nf6 3. Bf4 c5 4. c3 Qb6 5. Qc2 cxd4 6. cxd4 Nc6 7. e3 Bf5 8. Qd2 Bxb1 9. Rxb1 e6 10. a3 Bxa3 11. Qc2 Bb4+ 12. Kd1 0-0 13. Bd3 Rac8 14. Qa4 Be7 15. Ke2 Nb4 16. Rhc1 Rxc1 17. Rxc1 Nxd3 18. Kxd3 Qxb2 19. Rc7 Ne4 20. Bg3 Bd6 21. Rc2 Qb1 22. Bxd6 Nxd6 23. Qxa7 Ne4 24. Qa4 Qd1+ 25. Nd2 Nxf2+ 26. Kc3 Rc8+ 27. Kb2 Nd3+ 0-1

[Event "Quebec Montcalm op 6th"]
[Site "Quebec"]
[Date "2004.03.25"]
[Round "1"]
[White "Dion, Jean Francois"]
[Black "Sauve, Richard"]
[Result "0-1"]
[WhiteElo "1923"]
[BlackElo "2020"]
[PlyCount "130"]
[EventDate "2004.03.25"]
[EventType "swiss"]
[EventRounds "5"]
[EventCountry "CAN"]
[SourceTitle "EXT 2005"]
[Source "ChessBase"]
[SourceDate "2004.11.15"]
[SourceVersion "1"]
[SourceVersionDate "2004.11.15"]
[SourceQuality "1"]

1. d4 e6 2. Nf3 d5 3. Bf4 Nf6 4. e3 Bd6 5. Bxd6 Qxd6 6. Nbd2 0-0 7. Bd3 Nbd7 8. 0-0 e5 9. Ne1 Re8 10. c3 e4 11. Be2 Nf8 12. c4 c6 13. Nc2 Ng6 14. b4 Bd7 15. c5 Qe7 16. a4 h6 17. Re1 Nh7 18. Nf1 Qg5 19. Ng3 Rf8 20. b5 f5 21. Bf1 f4 22. exf4 Qxf4 23. Qe2 Nf6 24. Qe3 Qh4 25. Nh1 Ng4 26. Qg3 Qxg3 27. hxg3 Rf7 28. Be2 Raf8 29. Bxg4 Bxg4 30. bxc6 bxc6 31. Rab1 Bc8 32. Nb4 Ne7 33. a5 Rf6 34. f3 Bf5 35. g4 Bg6 36. Rb3 Rf4 37. Ng3 R8f7 38. fxe4 Bxe4 39. Nxe4 dxe4 40. Rbe3 Nd5 41. Nxd5 cxd5 42. Rb1 Rf2 43. Rb8+ Kh7 44. Rd8 Rc2 45. Rxd5 Rff2 46. Kh2 Rxg2+ 47. Kh3 Rgd2 48. Kg3 g5 49. Rd7+ Kg6 50. Rd6+ Kf7 51. Rf3+ exf3 52. Kxf3 Rf2+ 53. Ke4 Rf4+ 54. Ke5 Re2+ 55. Kd5 Ree4 56. Kc4 Ke7 57. Rxh6 Rxd4+ 58. Kb5 Rb4+ 59. Ka6 Rf6+ 60. Rxf6 Kxf6 61. Kxa7 Ke6 62. c6 Kd6 63. a6 Kxc6 64. Ka8 Kb6 65. a7 Ra4 0-1

[Event "Quebec Montcalm op 2nd"]
[Site "Quebec"]
[Date "2003.10.23"]
[Round "2"]
[White "Dion, Jean Francois"]
[Black "Berube, Antoine"]
[Result "1-0"]
[WhiteElo "1807"]
[BlackElo "1853"]
[PlyCount "67"]
[EventDate "2003.10.??"]
[EventType "swiss"]
[EventRounds "5"]
[EventCountry "CAN"]
[SourceTitle "EXT 2006"]
[Source "ChessBase"]
[SourceDate "2005.11.24"]
[SourceVersion "1"]
[SourceVersionDate "2005.11.24"]
[SourceQuality "1"]

1. d4 d5 2. Nf3 Nf6 3. Bf4 e6 4. e3 c5 5. c3 Nc6 6. Bd3 Bd6 7. Bxd6 Qxd6 8. Nbd2 0-0 9. 0-0 e5 10. dxc5 Qxc5 11. Nb3 Qe7 12. Be2 Rd8 13. Nfd2 a5 14. a4 Bf5 15. Nb1 Rac8 16. Na3 d4 17. exd4 exd4 18. Nxd4 Nxd4 19. cxd4 Qb4 20. Qe1 Re8 21. Qd1 Qxb2 22. Bb5 Red8 23. Nc4 Qxd4 24. Qxd4 Rxd4 25. Rfd1 Rcd8 26. Rxd4 Rxd4 27. Nxa5 Be4 28. Rc1 g6 29. f3 Bd5 30. h3 Nh5 31. Nc4 Bxc4 32. Bxc4 Nf4 33. Kf2 Nd3+ 34. Ke3 1-0

[Event "Quebec Montcalm"]
[Site "Quebec"]
[Date "2003.05.29"]
[Round "5"]
[White "Dion, Jean Francois"]
[Black "Audet Bouchard, Nicolas"]
[Result "0-1"]
[WhiteElo "1831"]
[BlackElo "2098"]
[PlyCount "32"]
[EventDate "2003.05.??"]
[EventType "tourn"]
[EventRounds "5"]
[EventCountry "CAN"]
[SourceTitle "EXT 2006"]
[Source "ChessBase"]
[SourceDate "2005.11.24"]
[SourceVersion "1"]
[SourceVersionDate "2005.11.24"]
[SourceQuality "1"]

1. d4 Nf6 2. Nf3 c5 3. c3 d5 4. Bf4 Nc6 5. h3 cxd4 6. cxd4 Qb6 7. b3 Bf5 8. e3 Nb4 9. Qc1 Rc8 10. Nc3 Nc2+ 11. Kd2 Qa5 12. Qb2 Rxc3 13. b4 Ne4+ 14. Kd1 Qa4 15. Ke2 Nxa1 16. Qxa1 Rc2+ 0-1

[Event "Quebec Montcalm op 5th"]
[Site "Quebec"]
[Date "2003.03.13"]
[Round "4"]
[White "Sauve, Richard"]
[Black "Dion, Jean Francois"]
[Result "1-0"]
[WhiteElo "2088"]
[BlackElo "1741"]
[PlyCount "75"]
[EventDate "2003.02.??"]
[EventType "swiss"]
[EventRounds "5"]
[EventCountry "CAN"]
[SourceTitle "EXT 2006"]
[Source "ChessBase"]
[SourceDate "2005.11.24"]
[SourceVersion "1"]
[SourceVersionDate "2005.11.24"]
[SourceQuality "1"]

1. d4 Nf6 2. c4 g6 3. Nc3 Bg7 4. e4 d6 5. f4 0-0 6. Nf3 Nbd7 7. Be2 c6 8. 0-0 Qc7 9. e5 dxe5 10. dxe5 Ne8 11. Be3 b6 12. Qe1 Nc5 13. Qg3 Bf5 14. Nd4 Bd3 15. Rad1 Ne4 16. Qf3 Nxc3 17. Rxd3 Nxe2+ 18. Nxe2 Qc8 19. Nd4 Nc7 20. Nxc6 Qa6 21. Nxe7+ Kh8 22. b3 Qxa2 23. Rfd1 Rfe8 24. Nd5 Ne6 25. f5 Nc5 26. Bxc5 bxc5 27. f6 Bf8 28. Nc7 Rab8 29. Nxe8 Rxe8 30. Rd8 Rxd8 31. Rxd8 Qa1+ 32. Kf2 Qb2+ 33. Qe2 Qxe2+ 34. Kxe2 Kg8 35. Ke3 h5 36. h4 a6 37. Ke4 a5 38. Kd5 1-0

[Event "Quebec Montcalm op 2nd"]
[Site "Quebec"]
[Date "2001.11.01"]
[Round "3"]
[White "Dion, Jean Francois"]
[Black "Dorion, Francois"]
[Result "1-0"]
[WhiteElo "1719"]
[BlackElo "1648"]
[PlyCount "54"]
[EventDate "2001.10.18"]
[EventType "swiss"]
[EventRounds "5"]
[EventCountry "CAN"]
[SourceTitle "EXT 2009"]
[Source "ChessBase"]
[SourceDate "2008.11.26"]
[SourceVersion "1"]
[SourceVersionDate "2008.11.26"]
[SourceQuality "1"]

1. d4 Nf6 2. Nf3 c5 3. c3 cxd4 4. cxd4 d6 5. Bf4 g6 6. e3 Bg7 7. Bc4 0-0 8. 0-0 Nc6 9. Nc3 Bg4 10. h3 Bxf3 11. Qxf3 e5 12. Bg5 h6 13. Bh4 g5 14. Bg3 exd4 15. exd4 Nxd4 16. Qxb7 Rb8 17. Qxa7 Nh5 18. Rad1 Nf3+ 19. gxf3 Qc8 20. Bxd6 Qxh3 21. Bxf7+ Rxf7 22. Qxb8+ Kh7 23. Qb4 Nf4 24. Qe4+ Kg8 25. Bxf4 Rxf4 26. Rd8+ Kf7 27. Qe8+ Kf6 1-0

[Event "Quebec Montcalm op 9th"]
[Site "Quebec"]
[Date "2001.10.04"]
[Round "4"]
[White "Dion, Jean Francois"]
[Black "Sauve, Richard"]
[Result "1/2-1/2"]
[WhiteElo "1713"]
[BlackElo "1954"]
[PlyCount "95"]
[EventDate "2001.09.13"]
[EventType "swiss"]
[EventRounds "5"]
[EventCountry "CAN"]
[SourceTitle "EXT 2009"]
[Source "ChessBase"]
[SourceDate "2008.11.26"]
[SourceVersion "1"]
[SourceVersionDate "2008.11.26"]
[SourceQuality "1"]

1. d4 e6 2. Nf3 Nf6 3. Bf4 d5 4. e3 Bd6 5. Bxd6 Qxd6 6. Nbd2 0-0 7. Bd3 Nbd7 8. 0-0 e5 9. dxe5 Nxe5 10. Nxe5 Qxe5 11. c3 Bg4 12. Nf3 Qe7 13. h3 Bh5 14. Be2 Rfd8 15. Qb3 c6 16. Rad1 Ne4 17. Nd4 Bxe2 18. Nxe2 a5 19. a4 h6 20. Rd4 Qc7 21. Qc2 c5 22. Rdd1 Qc6 23. c4 dxc4 24. Qxc4 Nd2 25. Qh4 g5 26. Qg3 Nxf1 27. Rxf1 Kh7 28. f4 Qg6 29. f5 Qd6 30. Qg4 Qd3 31. Ng3 Qxe3+ 32. Kh2 Rd4 33. Qh5 Rf8 34. f6 Rh4 35. Qd1 Qd4 36. Qc2+ Kh8 37. Kh1 Rf4 38. Rxf4 gxf4 39. Nh5 Qe5 40. Qd1 Rg8 41. Qf3 Rg5 42. Qxb7 Rxh5 43. Qxf7 Qe1+ 44. Kh2 Qg3+ 45. Kh1 f3 46. Qe8+ Kh7 47. Qf7+ Kh8 48. Qe8+ 1/2-1/2

[Event "Quebec Montcalm op 9th"]
[Site "Quebec"]
[Date "2001.09.20"]
[Round "2"]
[White "Bedard, Jonathan"]
[Black "Dion, Jean Francois"]
[Result "0-1"]
[WhiteElo "1490"]
[BlackElo "1713"]
[PlyCount "74"]
[EventDate "2001.09.13"]
[EventType "swiss"]
[EventRounds "5"]
[EventCountry "CAN"]
[SourceTitle "EXT 2009"]
[Source "ChessBase"]
[SourceDate "2008.11.26"]
[SourceVersion "1"]
[SourceVersionDate "2008.11.26"]
[SourceQuality "1"]

1. e4 d6 2. d4 Nf6 3. Nc3 c6 4. Bc4 b5 5. Bd3 g6 6. Nf3 Bg7 7. 0-0 0-0 8. h3 Qc7 9. Be3 Nbd7 10. Ne2 e5 11. c3 a6 12. Qd2 Re8 13. Ng3 d5 14. dxe5 Nxe4 15. Nxe4 dxe4 16. Bxe4 Nxe5 17. Bd4 Nc4 18. Qc2 Bxd4 19. Nxd4 Bb7 20. Rfe1 c5 21. Bxb7 Qxb7 22. Rxe8+ Rxe8 23. Nb3 Qc7 24. Nd2 Re2 25. Rd1 Nxd2 26. Qd3 Qe5 27. g3 Re1+ 28. Rxe1 Qxe1+ 29. Kg2 Qe4+ 30. Qxe4 Nxe4 31. Kf3 f5 32. g4 Kf7 33. gxf5 gxf5 34. h4 Ke6 35. Ke3 c4 36. f4 Kd5 37. a3 Nc5 0-1

[Event "Quebec op U2000"]
[Site "Montreal"]
[Date "2001.07.27"]
[Round "8"]
[White "Malafarina, Luc"]
[Black "Dion, Jean Francois"]
[Result "0-1"]
[WhiteElo "1535"]
[BlackElo "1798"]
[PlyCount "82"]
[EventDate "2001.07.21"]
[EventType "swiss"]
[EventRounds "9"]
[EventCountry "CAN"]
[SourceTitle "EXT 2022"]
[Source "ChessBase"]
[SourceDate "2021.10.06"]
[SourceVersion "1"]
[SourceVersionDate "2021.10.06"]
[SourceQuality "1"]

1. e4 d6 2. d4 Nf6 3. Nc3 c6 4. Bc4 Qa5 5. h3 Nxe4 6. Nge2 d5 7. Bb3 g6 8. 0-0 Nf6 9. Bf4 Bg7 10. Rb1 0-0 11. a4 Nbd7 12. Ba2 Nh5 13. b4 Qd8 14. Bh2 e5 15. dxe5 Nxe5 16. b5 Qh4 17. Nd4 Nf4 18. Bg3 Nxh3+ 19. gxh3 Qxh3 20. Nxd5 cxd5 21. Bxd5 Bg4 22. Bg2 Qh5 23. f3 Bh3 24. Rb4 Rad8 25. Qe2 Rxd4 26. Rxd4 Nxf3+ 27. Bxf3 Bxd4+ 28. Rf2 Qg5 29. Kh2 Bxf2 30. Qxf2 Bc8 31. Bh4 Qf4+ 32. Bg3 Qxa4 33. Bd5 Bf5 34. Bb3 Qe4 35. Qd2 Re8 36. Kg1 Qf3 37. Bf4 Qg4+ 38. Kf1 Qf3+ 39. Kg1 Bh3 40. Bc4 Qg4+ 41. Kf2 Qg2# 0-1

[Event "Quebec op U2000"]
[Site "Montreal"]
[Date "2001.07.25"]
[Round "6"]
[White "Dion, Jean Francois"]
[Black "Chagnon, Francois"]
[Result "1-0"]
[WhiteElo "1798"]
[BlackElo "1498"]
[PlyCount "103"]
[EventDate "2001.07.21"]
[EventType "swiss"]
[EventRounds "9"]
[EventCountry "CAN"]
[SourceTitle "EXT 2022"]
[Source "ChessBase"]
[SourceDate "2021.10.06"]
[SourceVersion "1"]
[SourceVersionDate "2021.10.06"]
[SourceQuality "1"]

1. d4 Nf6 2. Nf3 d5 3. Bf4 e6 4. e3 Bd6 5. Bxd6 Qxd6 6. Nbd2 0-0 7. Bd3 Nbd7 8. c4 c5 9. cxd5 Nxd5 10. Ne4 Qe7 11. 0-0 b6 12. Rc1 Bb7 13. dxc5 Nxc5 14. Nxc5 bxc5 15. Qc2 Nb4 16. Bxh7+ Kh8 17. Qb1 Bxf3 18. gxf3 Qg5+ 19. Kh1 g6 20. Rg1 Qf6 21. Bxg6 fxg6 22. Qxg6 Qxg6 23. Rxg6 Nd3 24. Rc4 Rf7 25. Kg2 Rg7 26. Rg3 a5 27. Rc3 Rd8 28. Kf1 Rb7 29. b3 a4 30. Ke2 axb3 31. axb3 Rbd7 32. f4 Rd5 33. e4 Nxf4+ 34. Kf3 Rf8 35. exd5 Nxd5+ 36. Ke2 Nxc3+ 37. Rxc3 Rf5 38. Re3 e5 39. Rc3 e4 40. Rc4 Rf3 41. Rxc5 Rxb3 42. Rc4 Rh3 43. Rxe4 Rxh2 44. Rg4 Rh7 45. f4 Ra7 46. f5 Rg7 47. Kf3 Rxg4 48. Kxg4 Kg7 49. Kg5 Kf7 50. f6 Kg8 51. Kg6 Kf8 52. f7 1-0